000 00697nam a2200277Ia 4500
005 20260324125106.0
008 008 260324s9999 xx 000 0 eng d
020 _a9780080885377
037 _aEBOOK
040 _aCRL
040 _beng
040 _cCRL
041 _2eng
041 _aeng
084 _qCRL
100 _aKate McMahon Moughtin; Paola Signoretta; J.C. Moughtin
_91176661
245 0 _aUrban Design: Health and the Therapeutic Environment
260 _bTaylor and Francis
260 _c2009
365 _a
365 _b76.95
856 _uhttp://www.taylorfrancis.com/books/9780080885377
942 _cEBOOK
999 _c1771615
_d1771615